Statistics for Chinese era names in the Ming and Qing dynasties 明清年號

Click here to take the quiz!

General Stats

  • This quiz has been taken 107 times
    (106 since last reset)
  • The average score is 19 of 28

Answer Stats

YearEra% Correct
1662-1723Kangxi
91%
1736-1796Qianlong
91%
1403-1425Yongle
88%
1368-1399,1402Hongwu
83%
1723-1736Yongzheng
83%
1875-1909Guangxu
79%
1573-1620Wanli
79%
1644-1662Shunzhi
78%
1862-1875Tongzhi
78%
1909-1912Xuantong
76%
1628-1644Chongzhen
74%
1821-1851Daoguang
74%
1851-1862Xianfeng
74%
1796-1821Jiaqing
73%
1522-1567Jiajing
69%
1399-1402Jianwen
63%
1621-1628Tianqi
63%
1426-1436Xuande
63%
1450-1457Jingtai
55%
1465-1488Chenghua
53%
1488-1506Hongzhi
51%
1567-1573Longqing
51%
1620-1621Taichang
51%
1506-1522Zhengde
50%
1425-1426Hongxi
45%
1436-1450Zhengtong
45%
1636-1644Chongde
38%
1457-1465Tianshun
38%

Score Distribution

Percentile by Number Answered

Percent of People with Each Score

Your Score History

You have not taken this quiz since the last reset